Making History a profitable thing
| Titel: | Making History a profitable thing : Das Bettmann Archiv und Corbis |
|---|---|
| Verfasser: | |
| In: |
Rundbrief Fotografie, Band 21, Heft 4 (2014), Seite 8-15 alle Artikel anzeigen |
| Veröffentlicht: | 2014 |
| Format: | Aufsatz |
X
alg: 44204940 001A $03036:30-01-19 001B $01999:30-01-19 $t23:09:18.000 001D $03036:30-01-19 001U $0utf8 001X $00 002@ $0Aox 003@ $0442049404 007A $0442049404 $aHEB 007T $0ArchMa23287 011@ $a2014 021A $aMaking History a profitable thing $dDas Bettmann Archiv und Corbis 028A $aBlaschke $dEstelle 031A $d21 $e4 $h8-15 $j2014 039B $aIn $8--Abvc--. Rundbrief Fotografie. - Berlin : Deutscher Kunstverlag, 1993-. - ISSN 0945-0327 $x201400000210004992 $9048641111 045T $a9,11 $a24,1 lok: 44204940 105 exp: 44204940 105 1 #EPN 201B/01 $030-01-19 $t15:57:21.000 201C/01 $030-01-19 201U/01 $0utf8 203@/01 $01042437041 208@/01 $a13-12-18 $be 209A/01 $a/ $f106 $x00 245Z/01 $a2.16.04.03. $bArchivwissenschaft und Archivtheorie / Archivaliengattungen / Bild- und Tonträger / Fotos $x01 245Z/01 $a5.03.02. $bArchivwesen außerhalb Europas / USA / Archive und Archivbestände $x02 247C/01 $8->Marburg, Bibliographie zum Archivwesen der Archivschule Marburg $939588196X
| LEADER | 00000caa a22000002c 4500 | ||
|---|---|---|---|
| 001 | 442049404 | ||
| 003 | DE-603 | ||
| 005 | 20190130230918.0 | ||
| 007 | tu | ||
| 008 | 190130s2014 xx |||| | u00||u|und c | ||
| 035 | |a (DE-599)HEB442049404 | ||
| 040 | |a DE-603 |b ger |c DE-603 |d DE-603 | ||
| 084 | |a 9,11 |a 24,1 |2 ssgn | ||
| 100 | 1 | |a Blaschke, Estelle | |
| 245 | 0 | 0 | |a Making History a profitable thing |b Das Bettmann Archiv und Corbis |
| 264 | 0 | |c 2014 | |
| 773 | 0 | 8 | |i In |t Rundbrief Fotografie |d Berlin : Deutscher Kunstverlag, 1993- |h 30 cm |x 0945-0327 |g Band 21, Heft 4 (2014), Seite 8-15 |w (DE-603)048641111 |w (DE-600)1176458-2 |
| 924 | 0 | |9 - |a (DE-603)1042437041 |b DE- |c HES |d d |g / | |